| 000 | 00811nmm a2200265 a 4500 | ||
|---|---|---|---|
| 001 | ocm000940755 | ||
| 003 | TR-IsHL | ||
| 005 | 20201028145800.0 | ||
| 008 | 150110s2013 tu kur | ||
| 007 | cr cn | ||
| 020 | _a9786054834402 | ||
| 035 |
_a940755 _b(N$T) |
||
| 050 | 0 | 4 |
_aPK6908.9.A75 _bŞ55 2013 |
| 090 | 0 | 4 |
_aPK6908.9.A75 _bŞ55 2013 |
| 100 | 1 | _aArî, Arjen | |
| 245 | 1 | 0 |
_aŞi'ir û sînor _h[electronic resource] / _cArjen Arî |
| 260 |
_aİstanbul : _bEvrensel Basım Yayın, _c2013 |
||
| 300 | _a85 p. | ||
| 650 | 4 | _aDil ve Edebiyat | |
| 650 | 4 | _aLanguage and Literature | |
| 650 | 0 | _aKürt şiiri | |
| 650 | 0 | _aKurdish poetry | |
| 650 | 7 |
_aPOETRY / Middle Eastern _2bisacsh |
|
| 856 | 4 | 0 | _uhttp://search.ebscohost.com/login.aspx?direct=true&scope=site&db=e011xww&AN=940755 |
| 999 |
_c10132 _d10132 |
||